[Event "SRB-chT 2nd League West"]
[Site "Kragujevac"]
[Date "2019.09.07"]
[Round "2.7"]
[White "Ivanovic, Zoran B"]
[Black "Milikic, Milorad"]
[Result "1-0"]
[WhiteElo "2017"]
[BlackElo "2005"]
[PlyCount "99"]
[EventDate "2019.09.06"]
[EventType "team-tourn"]
[EventRounds "11"]
[EventCountry "SRB"]
[SourceTitle "EXT 2020"]
[Source "ChessBase"]
[SourceDate "2019.10.17"]
[SourceVersion "1"]
[SourceVersionDate "2019.10.17"]
[SourceQuality "1"]
[WhiteTeam "Cacak Borac"]
[BlackTeam "Ivanjica"]
[WhiteTeamCountry "SRB"]
[BlackTeamCountry "SRB"]

1. Nf3 d5 2. c4 e6 3. Nc3 Nf6 4. d4 Be7 5. Bg5 c6 6. e3 Nbd7 7. Rc1 0-0 8. cxd5 Nxd5 9. Bxe7 Qxe7 10. Nxd5 exd5 11. Bd3 Re8 12. Qc2 Nf8 13. 0-0 Bg4 14. Ne5 Bh5 15. Be2 Bxe2 16. Qxe2 f6 17. Nd3 Ng6 18. Rfd1 Rac8 19. Rc2 Rc7 20. Rdc1 Qe4 21. Nc5 Qh4 22. b4 Rce7 23. Qf1 a6 24. a4 f5 25. g3 Qg5 26. Qg2 f4 27. gxf4 Nxf4 28. Qxg5 Nh3+ 29. Kg2 Nxg5 30. b5 axb5 31. axb5 cxb5 32. Rb2 b6 33. Nd3 Re6 34. Rxb5 Rd8 35. Nf4 Red6 36. Rcb1 Ne6 37. Nxe6 Rxe6 38. Rxb6 Rxb6 39. Rxb6 Kf7 40. Kf3 Ke7 41. Rb7+ Kf6 42. Kf4 Rd6 43. h4 h6 44. h5 g6 45. Rh7 Rd8 46. Rxh6 Kg7 47. Rxg6+ Kh7 48. Ke5 Rf8 49. Rf6 Rg8 50. Kxd5 1-0

[Event "SRB-chT Central"]
[Site "Kragujevac"]
[Date "2018.09.18"]
[Round "6.1"]
[White "Novoselski, Zoran"]
[Black "Ivanovic, Zoran B"]
[Result "1/2-1/2"]
[WhiteElo "2356"]
[BlackElo "2001"]
[PlyCount "84"]
[EventDate "2018.09.14"]
[EventType "team-tourn"]
[EventRounds "11"]
[EventCountry "SRB"]
[SourceTitle "CBM 186 Extra"]
[Source "ChessBase"]
[SourceDate "2018.08.24"]
[SourceVersion "1"]
[SourceVersionDate "2018.08.24"]
[SourceQuality "1"]
[WhiteTeam "Kragujevac Radnicki"]
[BlackTeam "Cacak Borac"]
[WhiteTeamCountry "SRB"]
[BlackTeamCountry "SRB"]

1. e4 Nf6 2. e5 Nd5 3. d4 d6 4. Bc4 c6 5. Qf3 dxe5 6. dxe5 g6 7. Qg3 Bg7 8. Nf3 Qc7 9. 0-0 0-0 10. Bb3 a5 11. a3 a4 12. Ba2 Bf5 13. c4 Nb6 14. Bf4 Qc8 15. Nd4 c5 16. Nxf5 Qxf5 17. Nc3 Nc6 18. Rae1 Nd4 19. Nd5 Nxd5 20. cxd5 Qc2 21. Qc3 Ne2+ 22. Rxe2 Qxe2 23. f3 Qb5 24. Bg5 Rfe8 25. f4 c4 26. Qxc4 Qxc4 27. Bxc4 h6 28. Bh4 Rec8 29. Bd3 g5 30. fxg5 hxg5 31. Bxg5 Bxe5 32. Bxe7 Bxb2 33. Rf3 f6 34. d6 Kf7 35. Be4 Bd4+ 36. Kf1 Rc3 37. Bd5+ Ke8 38. Bxb7 Rxf3+ 39. Bxf3 Rb8 40. Bc6+ Kf7 41. Bd5+ Ke8 42. Bc6+ Kf7 1/2-1/2

[Event "Veliko Gradiste Silver Lake op-B"]
[Site "Veliko Gradiste"]
[Date "2017.06.22"]
[Round "6"]
[White "Stoyanov, Georgi"]
[Black "Ivanovic, Zoran B"]
[Result "1-0"]
[WhiteElo "1852"]
[BlackElo "2011"]
[PlyCount "107"]
[EventDate "2017.06.18"]
[EventType "swiss"]
[EventRounds "9"]
[EventCountry "SRB"]
[SourceTitle "CBM 179 Extra"]
[Source "ChessBase"]
[SourceDate "2017.08.23"]
[SourceVersion "1"]
[SourceVersionDate "2017.08.23"]
[SourceQuality "1"]

1. e4 Nf6 2. Nc3 d5 3. e5 d4 4. exf6 dxc3 5. fxg7 cxd2+ 6. Qxd2 Qxd2+ 7. Bxd2 Bxg7 8. 0-0-0 Bf5 9. Ne2 Nd7 10. Ng3 Bg6 11. f4 h6 12. Bc4 Nb6 13. Bb3 a5 14. a3 a4 15. Ba2 0-0 16. f5 Bh7 17. Bb4 Rfe8 18. Rde1 Bf6 19. Rhf1 Bh4 20. Re4 Bg5+ 21. Kb1 e6 22. fxe6 Bxe4 23. exf7+ Kh7 24. fxe8Q Rxe8 25. Bf7 Re5 26. Re1 c5 27. Rxe4 Rxe4 28. Nxe4 cxb4 29. Nxg5+ hxg5 30. axb4 Kg7 31. Bh5 Nc4 32. Bf3 b6 33. Bc6 a3 34. bxa3 Nxa3+ 35. Kb2 Nc4+ 36. Kc3 Ne5 37. Be4 Kf6 38. Kd4 Ke6 39. c4 Ng4 40. h3 Nf6 41. c5 bxc5+ 42. bxc5 Ne8 43. Bf3 Nc7 44. Bg4+ Kf6 45. c6 Na6 46. Bc8 Nc7 47. g3 Ne8 48. Kd5 Ke7 49. Ke5 Nd6 50. Bg4 Nf7+ 51. Kf5 Kd6 52. Bh5 Nd8 53. Be8 Ne6 54. Bd7 1-0

[Event "SRB-chT2 West"]
[Site "Kragujevac"]
[Date "2015.10.10"]
[Round "10.5"]
[White "Ivanovic, Zoran B"]
[Black "Paramentic, Mila"]
[Result "1-0"]
[WhiteElo "2027"]
[BlackElo "1915"]
[PlyCount "113"]
[EventDate "2015.09.04"]
[EventType "team-tourn"]
[EventRounds "11"]
[EventCountry "SRB"]
[SourceTitle "EXT 2022"]
[Source "ChessBase"]
[SourceDate "2021.10.06"]
[SourceVersion "1"]
[SourceVersionDate "2021.10.06"]
[SourceQuality "1"]

1. e4 e5 2. Nf3 Nc6 3. Bb5 a6 4. Bxc6 dxc6 5. d4 exd4 6. Qxd4 Qxd4 7. Nxd4 c5 8. Ne2 Bd6 9. Bf4 Bxf4 10. Nxf4 Ne7 11. Nc3 Bd7 12. Nfd5 Nxd5 13. Nxd5 0-0-0 14. 0-0-0 Rhe8 15. Rhe1 Bc6 16. Nc3 Rxd1+ 17. Kxd1 Rd8+ 18. Kc1 b6 19. f3 Rd7 20. Rd1 Re7 21. Kd2 Re6 22. Ne2 Rh6 23. h3 Rg6 24. Nf4 Rd6+ 25. Ke1 Rf6 26. Ne2 Re6 27. Nf4 Re7 28. Kf2 Kb7 29. Rd8 Rd7 30. Rxd7 Bxd7 31. Nh5 Be6 32. a3 g6 33. Nf4 Bd7 34. h4 h5 35. Ke3 Kc6 36. Nd5 Be6 37. Nf6 Kd6 38. Kf4 c6 39. g4 hxg4 40. fxg4 c4 41. c3 b5 42. h5 gxh5 43. gxh5 Ke7 44. Ke5 c5 45. h6 Kf8 46. Kd6 b4 47. Kxc5 bxa3 48. bxa3 Bh3 49. Kb6 Bg2 50. e5 Bf1 51. Kxa6 Bd3 52. Kb5 Ke7 53. h7 Bxh7 54. Nxh7 Ke6 55. Ng5+ Kxe5 56. Nxf7+ Ke4 57. a4 1-0